<?xml version="1.0" encoding="UTF-8"?>
<record
    xmlns:xsi="http://www.w3.org/2001/XMLSchema-instance"
    xsi:schemaLocation="http://www.loc.gov/MARC21/slim http://www.loc.gov/standards/marcxml/schema/MARC21slim.xsd"
    xmlns="http://www.loc.gov/MARC21/slim">

  <leader>01426nam a2200229Ia 4500</leader>
  <controlfield tag="003">OSt</controlfield>
  <controlfield tag="005">20240920100927.0</controlfield>
  <controlfield tag="008">220201t2002||||xx |||||||||||||| ||und||</controlfield>
  <datafield tag="040" ind1=" " ind2=" ">
    <subfield code="a">BoOrUTOFe</subfield>
    <subfield code="b">Es</subfield>
    <subfield code="c">BCE</subfield>
  </datafield>
  <datafield tag="044" ind1=" " ind2=" ">
    <subfield code="a">BO</subfield>
  </datafield>
  <datafield tag="082" ind1=" " ind2=" ">
    <subfield code="a"> 657/A93c </subfield>
    <subfield code="b">A93c</subfield>
  </datafield>
  <datafield tag="100" ind1=" " ind2=" ">
    <subfield code="a">Ayaviri Garcia, Daniel</subfield>
  </datafield>
  <datafield tag="245" ind1=" " ind2="0">
    <subfield code="a">Contabilidad b&#xE1;sica y documentos mercantiles</subfield>
  </datafield>
  <datafield tag="250" ind1=" " ind2=" ">
    <subfield code="a">3</subfield>
  </datafield>
  <datafield tag="260" ind1=" " ind2=" ">
    <subfield code="a">Oruro:</subfield>
    <subfield code="b">N-Dag,</subfield>
    <subfield code="c">2002</subfield>
  </datafield>
  <datafield tag="300" ind1=" " ind2=" ">
    <subfield code="a">486p.</subfield>
    <subfield code="b">ilus.</subfield>
    <subfield code="c">23 cm</subfield>
  </datafield>
  <datafield tag="500" ind1=" " ind2=" ">
    <subfield code="a">Incluye &#xCD;ndice</subfield>
  </datafield>
  <datafield tag="520" ind1=" " ind2=" ">
    <subfield code="a">Actos de comercio, requisitos para la apertura de un negocio, empresas, principios de la contabilidad generalmente aceptados, contabilidad, ecuaci&#xF3;n del balance y resultados, transacciones comerciales, la cuenta, libro diario y asientos contables, documentos mercantiles, formularios de contabilidad, asiento segun el ciclo contable, libro mayor, subcuentas, balance de comprobaci&#xF3;n de sumas y saldos, hoja de trabajo, asientos de ajuste, estados financieros, balance general, estado de resultados, contabilidad a base de efectivo y devengado, estudio de las existencias en inventarios de mercader&#xED;as de compra-venta, contabilizaci&#xF3;n de asientos de ajuste, retenciones tributos fiscales del IUE, ciclo contable pr&#xE1;ctico, libros mayores, kardex de existencias, balance de comprobaci&#xF3;n de sumas y saldos, estados financieros b&#xE1;sicos</subfield>
  </datafield>
  <datafield tag="650" ind1=" " ind2=" ">
    <subfield code="a">Contabilidad-Documentos Mercantiles</subfield>
  </datafield>
  <datafield tag="655" ind1=" " ind2=" ">
    <subfield code="a">Libros de Texto</subfield>
  </datafield>
  <datafield tag="942" ind1=" " ind2=" ">
    <subfield code="c">LI</subfield>
    <subfield code="2">ddc</subfield>
  </datafield>
  <datafield tag="999" ind1=" " ind2=" ">
    <subfield code="c">12419</subfield>
    <subfield code="d">12419</subfield>
  </datafield>
  <datafield tag="952" ind1=" " ind2=" ">
    <subfield code="0">0</subfield>
    <subfield code="1">0</subfield>
    <subfield code="2">ddc</subfield>
    <subfield code="4">0</subfield>
    <subfield code="7">0</subfield>
    <subfield code="a">BCE</subfield>
    <subfield code="b">BCE</subfield>
    <subfield code="c">1</subfield>
    <subfield code="d">2022-02-04</subfield>
    <subfield code="i">1850</subfield>
    <subfield code="o">657 /A93c</subfield>
    <subfield code="p">BCAMP.1850</subfield>
    <subfield code="r">2025-04-28 10:04:16</subfield>
    <subfield code="t">Ej. 1</subfield>
    <subfield code="w">2022-02-04</subfield>
    <subfield code="y">LI</subfield>
  </datafield>
</record>
